Memorias : (Registro nro. 6819)
[ vista simple ]
| 000 -CABECERA | |
|---|---|
| Campo de control | 00849nam a2200229 a 4500 |
| 005 - FECHA Y HORA DE LA ULTIMA TRANSACCION | |
| Campo de control | 20161015151227.0 |
| 008 - ELEMENTOS DE LONGITUD FIJA—INFORMACION GENERAL | |
| Campo de control | 140224s2006 ck ad fr|||| 000 0 spa d |
| 020 ## - ISBN | |
| ISBN | 9789589804018 |
| 040 ## - FUENTE DE CATALOGACIÓN | |
| Agencia catalogadora original | CO-BoIAVH |
| Agencia transcriptora | CO-BoIAVH |
| 041 0# - IDIOMA | |
| Código de idioma para texto/pista de sonido o título separado | Español |
| 044 ## - PAÍS DE PUBLICACIÓN | |
| País de publicación | Colombia |
| 082 04 - NUMERO DE CLASIFICACION DECIMAL DEWEY | |
| Número del ítem | M53m |
| Número de clasificación | 583.46 |
| 111 2# - ASIENTO PRINCIPAL--NOMBRE DE REUNION | |
| 9 (RLIN) | 63080 |
| Nombre de reunión o de jurisdicción como elemento de entrada | Simposio Internacional de Roble y Ecosistemas Asociados |
| Lugar de la reunión | Bogotá |
| Fecha de la reunión | 2006 |
| Número de la parte/sección/reunión | 1 |
| 245 10 - MENCION DE TITULO | |
| Título | Memorias : |
| Parte restante del título | I simposio internacional de roble y ecosistemas asociados |
| 260 ## - PUBLICACION, DISTRIBUCION, ETC. (PIE DE IMPRENTA) | |
| Lugar de publicación, distribución, etc. | Bogotá : |
| Nombre del editor, distribuidor, etc. | Fundación Natura : |
| -- | Pontificia Universidad Javeriana, |
| Fecha de publicación, distribución, etc. | 2006. |
| 300 ## - DESCRIPCION FISICA | |
| Extensión | 291 páginas : |
| Dimensiones | 24 x 17 cm. |
| Otros detalles físicos | Ilustraciones, gráficos ; |
| 504 ## - NOTA DE BIBLIOGRAFIA, ETC. | |
| Nota de bibliografía | Incluye referencias bibliográficas. |
| 650 16 - ASIENTO SECUNDARIO DE MATERIA - TERMINO TEMATICO | |
| 9 (RLIN) | 63081 |
| Término temático o nombre geográfico como elemento de entrada | Roble |
| Subdivisión de forma | Congresos, conferencias, etc. |
| 700 1# - ASIENTO SECUNDARIO - NOMBRE PERSONAL | |
| Nombre personal | Solano G., Clara |
| Término de relación | Editor |
| 9 (RLIN) | 9760 |
| 700 1# - ASIENTO SECUNDARIO - NOMBRE PERSONAL | |
| Nombre personal | Vargas T., Nancy |
| Término de relación | Editor |
| 9 (RLIN) | 9761 |
| 942 ## - ELEMENTOS ADICIONALES (KOHA) | |
| Tipo de ítem | Libro |
| Sistema de clasificación | Dewey Decimal Classification |
| Withdrawn status | Lost status | Sistema de Clasificación | Damaged status | No para préstamo | Colección | Ubicación Permanente | Ubicación actual | Fecha de adquisición | Total Checkouts | Número topográfico | Inventario / Código de Barras | Date last seen | Ejemplar | Price effective from | Forma de adquisición | Tipo de material | Inventariado |
|---|---|---|---|---|---|---|---|---|---|---|---|---|---|---|---|---|---|
| Dewey Decimal Classification | General | Bogotá | Bogotá | 07/05/2009 | LB-583.46 M53m | 026974 | 04/12/2012 | Ej.1 | 04/12/2012 | Libro | |||||||
| Dewey Decimal Classification | General | Sala Fabio Quevedo | Sala Fabio Quevedo | 24/02/2014 | LB-583.46 M53m | 059883 | 24/02/2014 | Ej.2 | 24/02/2014 | Libro | Inventariado 2017 |